| 000 | 01074nam a22002777a 4500 | ||
|---|---|---|---|
| 003 | 0 | ||
| 005 | 20251021144208.0 | ||
| 008 | 251018b xxu||||| |||| 00| 0 eng d | ||
| 020 | _a978-0-451-53208-4 | ||
| 050 |
_aPS 1017 _b.A43 2012 |
||
| 100 |
_aAlcott, Louisa May, _d1832-1888, _eauthor. |
||
| 245 |
_aLittle women / _cLouisa May Alcott ; with an introduction by Regina Barreca and an afterword by Susan Straight. |
||
| 260 |
_aNew York : _bSignet Classics, _c2012. |
||
| 300 |
_a507 pages ; _c18 cm. |
||
| 490 | _aSignet Classics | ||
| 500 | _aOriginally published in 1868-1869. Includes introduction by Regina Barreca and afterword by Susan Straight. | ||
| 520 | _aChronicles the lives and loves of four sisters growing up during the American Civil War. | ||
| 650 |
_aSisters _vFiction. |
||
| 650 |
_aFamily life _vFiction. |
||
| 650 |
_aYoung women _vFiction. |
||
| 650 |
_aNew England _vFiction. |
||
| 700 |
_aBarreca, Regina, _ewriter of introduction. |
||
| 700 |
_aStraight, Susan, _ewriter of afterword. |
||
| 830 | _aSignet classics. | ||
| 942 |
_2lcc _cBK |
||
| 999 |
_c368269 _d368269 |
||